Digitazioni di Parole - "Hipopotomonstrosesquipedaliofobia" - Statistics

Statistiche generali
  • Questo quiz è stato fatto 278 volte
  • Il punteggio medio è 22 su 33
Statistiche sulle risposte
Lettera % Corretto
H
100%
I
100%
P
100%
O
93%
M
85%
O
85%
O
85%
O
85%
P
85%
T
85%
N
80%
S
78%
R
76%
T
76%
O
71%
E
66%
S
66%
S
66%
I
61%
Q
61%
U
61%
A
54%
D
54%
E
54%
P
54%
L
49%
I
44%
O
39%
F
37%
A
34%
B
34%
I
34%
O
34%
Nessun quiz corrispondente trovato
Distribuzione punteggi
Percentuale di utenti per punteggio
Percentile per numero di risposta
I tuoi punteggi nel tempo
Non hai fatto questo quiz